000 01146nam a2200313 c 4500
003 BLK
005 20190418114626.0
008 180409b bul|||||r ||||||| ||bul||
010 _aKNG00137330000
020 _a978-954-28-1230-2
_bиздат.: Сиела Норма
040 _aBLK
041 _aBUL
_cBUL
072 7 _2bullib
_aН84
_xБългарска художествена литература Н
080 _aБългарска литература
_b821.163.2
_x-31
_z821.163.2-31
100 1 _aДамянов, Красимир
_eпърви автор
_9284002
139 _aДамянов, Красимир
_bД 15
245 1 0 _aСтудентът по хармония
_bБалада за Виктор Пасков : Действителен роман
_cКрасимир Дамянов.
257 _aBGR
260 София
_bСиела Норма
_c2012
300 _a247 с.
_c21 см
380 _aX
653 _aромани
659 _aН
852 _aЦб 257464
856 4 _qpdf
_u
856 4 _qpdf
_u
942 _cKNG
_n0
_05
944 _aCR
_c14.12.2012
_lф /
_kЛюдмила_Стоянова
944 _aED
_c22.03.2013
_lф /
_k
999 _c131508
_d131508